| 000 | 00429nam a2200157 4500 | ||
|---|---|---|---|
| 001 | 145403 | ||
| 003 | ES-MaACL | ||
| 005 | 20230906201226.0 | ||
| 007 | t| | ||
| 008 | 070214s1920 xxk r ||||1| eng d | ||
| 100 | 1 |
_aSpence, Lewis. _9143310 |
|
| 245 | 1 | 0 |
_aLegends & romances of Spain / _cJames Lewis Spence. |
| 260 |
_aLondon : _bGeorge G. Harrap, _c1920. |
||
| 300 |
_a404 p. : _bil. ; _c23 cm. |
||
| 852 |
_aES-MaACL _jC-1675 |
||
| 999 |
_c145403 _d145403 |
||